000 01146cam a2200349 4500
001 J92279
008 090401t1998 xxu||||| |||| 00| 0 eng d
020 _a1851120815
035 _a(Sirsi) u86795
041 _aeng
050 _a711.1
110 _aUnited Kingdom
_bDepartment of the Environment, Transport and the Regions
_93507
245 4 _aThe one stop shop approach to development consents
260 _aLondon
_bDETR
_c1998
300 _a66p.
_bill.
_c30cm.
350 _a12
490 _aPlanning Research Programme
520 _aAvailable on the Internet at www.planning.odpm.gov.uk. Prepared by Jane Steele and Anna Thomas of the Policy Studies Institute.
650 _aBEXLEY
650 _aBRIGHTON
650 _aDEVELOPMENT CONSENTS
650 _aHARTLEPOOL
650 _aONE STOP SHOP
650 _aPLANNING APPLICATIONS
650 _aWYCOMBE DC
690 _aPLANNING LAW AND PRACTICE
700 _aSteele, Jane
700 _aThomas, Anna
856 _uhttps://www.communities.gov.uk/index.asp?id=1144758
_zView the Planning Research Programme on the ODPM website...
942 _n0
948 _c12/06/1998
999 _c97170
_d97170